000
00349nam a2200145 4500
999
_c
7828
_d
7828
003
OSt
005
20200522153027.0
008
200522b ||||| |||| 00| 0 eng d
020
_a
9789881566102
082
_a
725.31VID
110
_a
Vidal, Luis
245
_a
Urban rail transit design manual
260
_b
Design Media Publishing Ltd
942
_2
ddc